| 000 | 03025cam a22006734i 4500 | ||
|---|---|---|---|
| 001 | u48693 | ||
| 003 | PE-LiUPU | ||
| 005 | 20250731170449.0 | ||
| 008 | 150706s2004 mx rb 001 0 spa d | ||
| 020 | _a9707291141 | ||
| 020 | _a9789707291140 | ||
| 035 | _a(Sirsi) i9789707291140 | ||
| 040 |
_aPE-LiUPU _bspa _cPE-LiUPU _dPE-LiUPU _erda |
||
| 049 | _aPRUA | ||
| 082 | 0 | 4 |
_a158.2 _bG71 _221 |
| 100 | 1 |
_aGonzález Núñez, José de Jesús, _eautor. |
|
| 245 | 1 | 0 |
_aRelaciones interpersonales / _cJosé de Jesús González Núñez. |
| 264 | 1 |
_aMéxico : _bManual Moderno, _c2004. |
|
| 300 |
_a241 páginas ; _c23 centímetros |
||
| 336 |
_atext _2rdacontent |
||
| 337 |
_aunmediated _2rdamedia |
||
| 338 |
_avolume _2rdacarrier |
||
| 504 | _aBibliografía : páginas 229-236. | ||
| 504 | _aÍndice : páginas 237-241. | ||
| 505 | 0 | _aAcomodación individuo-medio ambiente -- Relaciones interpersonales en la infancia -- Relaciones interpersonales entre padres e hijos -- Relaciones interpersonales entre hermanos -- Relaciones interpersonales en la familia -- Relaciones interpersonales entre compañeros de escuela -- Relaciones interpersonales en la adolescencia -- Relaciones interpersonales en la pareja -- Relaciones interpersonales laborales -- Relaciones interpersonales en el área social -- Relaciones interpersonales en la amistad -- Relaciones interpersonales en el adulto y el anciano -- Psicopatología de los valores con miras al siglo XXI. | |
| 526 | _aSEG68 | ||
| 526 | _aSEG70 | ||
| 526 | _aSEG69 | ||
| 526 | _aSEG67 | ||
| 526 | _aSEG43 | ||
| 526 | _aP144 | ||
| 526 | _aP143 | ||
| 526 | _aP131 | ||
| 526 | _aP122 | ||
| 526 | _aP120 | ||
| 526 | _aP117 | ||
| 526 | _aP112 | ||
| 526 | _aP110 | ||
| 526 | _aP106 | ||
| 526 | _aP101 | ||
| 526 | _aP80 | ||
| 526 | _aP59 | ||
| 526 | _aP54 | ||
| 526 | _aP35 | ||
| 526 | _aP33 | ||
| 526 | _aP30 | ||
| 541 | _g001-0031616; | ||
| 650 | 0 | 4 |
_aconducta de vida _xAspectos psicológicos. |
| 650 | 0 | 4 | _aRelaciones interpersoanles. |
| 910 |
_bjv _cjvm _d20100614 |
||
| 942 |
_2ddc _cBOOK |
||
| 949 |
_a158.2 G71 2004 _wDEWEY _c1 _iFT01387 _d2018-4-6 _e2018-4-4 _lCCODEBUT1 _mBUT _n3 _p28.00 _r0 _sY _tBOOK _u2015-9-28 _xSALUD _PP33 _0COMPRA _o.STAFF. Colección Ciencias de la Salud |
||
| 949 |
_a158.2 G71 _wDEWEY _c1 _i61821 _d2018-4-24 _e2018-4-20 _f2018-2-11 _g2 _lCCODEBUL1 _mBUL _n6 _p33.00 _r0 _sY _tBOOK _u2015-7-6 _xSALUD _PP33 _0COMPRA _o.STAFF. Colección Ciencias de la Salud |
||
| 994 |
_aC0 _bPEPRU |
||
| 596 | _a1 2 | ||
| 999 |
_a158.2 G71 _wDEWEY _c50959 _i61821 _d50959 _e2018-4-20 _f2021-11-25 _g5 _lCCODEBUL1 _mBUL _n6 _p33.00 _r0 _sY _tBOOK _u2015-7-6 _xSALUD _zP33 _0COMPRA _o.STAFF. Colección Ciencias de la Salud |
||
| 999 |
_a158.2 G71 2004 _wDEWEY _c1 _iFT01387 _d2018-6-22 _e2018-6-21 _f2019-2-20 _g1 _lCCODEBUT1 _mBUT _n7 _p28.00 _r0 _sY _tBOOK _u2015-9-28 _xSALUD _PP33 _0COMPRA _o.STAFF. Colección General |
||
| 980 |
_81 _gALBERTO SANCHEZ Responsable de Automatización |
||